Normal view
MARC view
- Urdu literature
Entry Topical Term
001 - CONTROL NUMBER
- control field: 121272
003 - CONTROL NUMBER IDENTIFIER
- control field: NUST
005 - DATE AND TIME OF LATEST TRANSACTION
- control field: 20240226093911.0
008 - FIXED-LENGTH DATA ELEMENTS
- fixed length control field: 240226|| aca||aabn | a|a d
040 ## - CATALOGING SOURCE
- Original cataloging agency: NUST
- Transcribing agency: NUST
150 ## - HEADING--TOPICAL TERM
- Topical term or geographic name entry element: Urdu literature
- Form subdivision: Essays
670 ## - SOURCE DATA FOUND
- Source citation: Work cat.: (NUST): انتظارحسين 47098, ْبوندبوند, 2004.
